000 00782nam a2200217Ii 4500
003 JO-AjNU
008 230605s9999||||xx |||||||||||||| ||und||
040 _aJO-AjNU
_bara
_erda
_cJO-AjNU
041 _aara
050 1 4 _aPJ7531.A2548 1992
100 3 _aعابدين، سامي,
_eauthor
_948940
245 0 0 _aالإتجاهات الأدبية في قصر المأمون
250 _aط1
264 3 1 _aبيروت: دار العلوم العربية، 1992
300 _a347ص
336 _atext
_btxt
_2rdacontent
337 _aunmediated
_bn
_2rdamedia
338 _avolume
_bnc
_2rdacarrier
490 0 _aسلسلة المنتديات الثقافية في قصر المأمون 1
650 4 _aالأدب العربي - إتجاهات - أدب قصر المأمون
_948941
999 _aA21465
_c25033
_d25033